| 000 | 00681nam a22001937a 4500 | ||
|---|---|---|---|
| 999 |
_c18793 _d18793 |
||
| 003 | AR-CdUCM | ||
| 008 | 190515b ||||| |||| 00| 0 spa d | ||
| 040 |
_aMUNICIPALIDAD PROVINCIAL DEL CUSCO _cBIBLIOTECA MUNICIPAL DEL CUSCO |
||
| 082 |
_a342.83 / _bP65 |
||
| 100 |
_aPizarro Dávila, Edmundo _939599 |
||
| 245 | _aDerechos de autor / | ||
| 260 |
_aLima : _bAFA Editores e Importadores, _c1986. |
||
| 300 |
_a1 tomos _c21 cm. |
||
| 505 | _aContenido: t.1 : Disposiciones sustantivas -- De la protección legal -- Procedimientos en general... | ||
| 650 |
_aDisposiciones sustantivas _939600 |
||
| 650 |
_aDerechos intelectuales _939601 |
||
| 942 |
_2ddc _cLIBROS |
||
| 945 | _arcc | ||